Largest Ethnicities in California - Statistics

General Stats
  • This quiz has been taken 151 times
  • The average score is 11 of 16
Answer Stats
Hint Answer % Correct
31% Mexican
98%
5% Chinese
95%
1% Japanese
90%
9% German
89%
9% English
87%
1% Korean
86%
4% Italian
82%
8%. Irish
80%
2% French
77%
4% Filipino
75%
2% Vietnamese
75%
2% Asian Indian
73%
2% Scottish
63%
4% African American
37%
2% Salvadoran
24%
16% Other Ethnicities
3%
No matching quizzes found
Score Distribution
Percent of People with Each Score
Percentile by Number Answered
Your Score History
You have not taken this quiz